Sports Quiz

Random Sports Quiz

FC Bayern Meisterjahre Quiz Stats

 Plays Quiz not verified by Sporcle

Score 0/21 Timer 06:00
0 Plays Today
% Correct
2000
97%
2006
97%
2001
96.4%
2003
96.4%
2005
96.4%
2008
96.4%
1972
95.9%
1974
95.9%
1994
95.9%
1999
95.9%
1973
95.3%
% Correct
1990
95.3%
1997
95.3%
1980
93.5%
1985
92.9%
1989
92.9%
1969
92.3%
1981
92.3%
1986
92.3%
1987
92.3%
1932
82.2%

You're not logged in!

Compare scores with friends on all Sporcle quizzes.
OR
Log In

Sporcle TV

Today on Sporcle TV


Watch our educational content, quiz creation guides, and fun videos on Sporcle TV.

Show Comments

Extras

Created Jan 29, 2010ReportNominate
Tags:bayern, Bayern Munich

Top Quizzes Today


Score Distribution

Your Account Isn't Verified!

In order to create a playlist on Sporcle, you need to verify the email address you used during registration. Go to your Sporcle Settings to finish the process.

Report this User

Report this user for behavior that violates our Community Guidelines.

Details: